000
00479nam a2200181Ia 4500
008
090124s9999 xx 000 0 und d
082
_b
27508
_a
1657
100
_a
प्रभावळकर दिलीप
245
_a
झूम
250
_a
1
260
_c
1994
300
_a
128
600
_a
प्रभावळकर दिलीप
630
_a
झूम
700
_a
प्रभावळकर दिलीप
730
_a
झूम
942
_c
BOOK
999
_c
140973
_d
140973